| 000 | 00337nam a22001337a 4500 | ||
|---|---|---|---|
| 008 | 170620b xxu||||| |||| 00| 0 eng d | ||
| 020 | _a9780072929010 | ||
| 041 | _aeng | ||
| 080 |
_22ND _a327 |
||
| 100 | _a20 | ||
| 101 | _aSHP | ||
| 245 |
_aWORLD POLITICS INTERNATIONAL POLITICS ON THE WORLD STAGE,BRIEF _cROURKE,J.T |
||
| 942 |
_2udc _cBK |
||
| 999 |
_c18217 _d18217 |
||